<?xml version="1.0" encoding="UTF-8"?>
<record
    xmlns:xsi="http://www.w3.org/2001/XMLSchema-instance"
    xsi:schemaLocation="http://www.loc.gov/MARC21/slim http://www.loc.gov/standards/marcxml/schema/MARC21slim.xsd"
    xmlns="http://www.loc.gov/MARC21/slim">

  <leader>01600cam a22002535a 4500</leader>
  <controlfield tag="001">16965886</controlfield>
  <controlfield tag="005">20171126113156.0</controlfield>
  <controlfield tag="008">110916t2012    caua   frb    001 0 eng d</controlfield>
  <datafield tag="020" ind1=" " ind2=" ">
    <subfield code="a">9781608716890</subfield>
  </datafield>
  <datafield tag="040" ind1=" " ind2=" ">
    <subfield code="a">DLC</subfield>
    <subfield code="b">eng</subfield>
    <subfield code="c">DLC</subfield>
    <subfield code="d">UKMGB</subfield>
    <subfield code="d">NTD</subfield>
    <subfield code="d">PGC</subfield>
    <subfield code="d">YDXCP</subfield>
    <subfield code="d">CDX</subfield>
    <subfield code="d">TTU</subfield>
    <subfield code="d">DLC</subfield>
    <subfield code="d">EG-ScBUE</subfield>
  </datafield>
  <datafield tag="082" ind1="0" ind2="4">
    <subfield code="2">22</subfield>
    <subfield code="a">320.072</subfield>
    <subfield code="b">JOH</subfield>
  </datafield>
  <datafield tag="100" ind1="1" ind2=" ">
    <subfield code="a">Johnson, Janet Buttolph,</subfield>
    <subfield code="d">1950-</subfield>
  </datafield>
  <datafield tag="245" ind1="1" ind2="0">
    <subfield code="a">Political science research methods /</subfield>
    <subfield code="c">Janet Buttolph Johnson, H. T. Reynolds.</subfield>
  </datafield>
  <datafield tag="250" ind1=" " ind2=" ">
    <subfield code="a">7th ed.</subfield>
  </datafield>
  <datafield tag="260" ind1=" " ind2=" ">
    <subfield code="a">Thousand Oaks :</subfield>
    <subfield code="b">CQ Press / SAGE Publications,</subfield>
    <subfield code="c">c.2012.</subfield>
  </datafield>
  <datafield tag="300" ind1=" " ind2=" ">
    <subfield code="a">xxxi, 646 p. :</subfield>
    <subfield code="b">ill. ;</subfield>
    <subfield code="c">24 cm.</subfield>
  </datafield>
  <datafield tag="504" ind1=" " ind2=" ">
    <subfield code="a">Includes bibliographical references and index.</subfield>
  </datafield>
  <datafield tag="505" ind1="0" ind2="0">
    <subfield code="g">The</subfield>
    <subfield code="t">empirical approach to political science --</subfield>
    <subfield code="t">Beginning the research process : identifying a research topic, developing research questions, and reviewing the literature --</subfield>
    <subfield code="g">The</subfield>
    <subfield code="t">building blocks of social scientific research : hypotheses, concepts, and variables --</subfield>
    <subfield code="g">The</subfield>
    <subfield code="t">building blocks of social scientific research : measurement --</subfield>
    <subfield code="t">Research design : making causal inferences --</subfield>
    <subfield code="t">Sampling --</subfield>
    <subfield code="t">Making empirical observations : direct and indirect observation --</subfield>
    <subfield code="t">Document analysis : using the written record --</subfield>
    <subfield code="t">Survey research and interviewing --</subfield>
    <subfield code="t">Making sense of data : first steps --</subfield>
    <subfield code="t">Statistical inference --</subfield>
    <subfield code="t">Investigating relationships between two variables --</subfield>
    <subfield code="t">Multivariate analysis --</subfield>
    <subfield code="g">The</subfield>
    <subfield code="t">research report : an annotated example.</subfield>
  </datafield>
  <datafield tag="650" ind1=" " ind2="7">
    <subfield code="a">Political science</subfield>
    <subfield code="x">Research</subfield>
    <subfield code="x">Methodology.</subfield>
    <subfield code="2">BUEsh</subfield>
    <subfield code="9">5000</subfield>
  </datafield>
  <datafield tag="651" ind1=" " ind2=" ">
    <subfield code="2">BUEsh</subfield>
  </datafield>
  <datafield tag="653" ind1=" " ind2=" ">
    <subfield code="b">BUSBOL</subfield>
    <subfield code="c">November2017</subfield>
  </datafield>
  <datafield tag="700" ind1="1" ind2=" ">
    <subfield code="a">Reynolds, H. T.</subfield>
    <subfield code="q">(Henry T.)</subfield>
  </datafield>
  <datafield tag="942" ind1=" " ind2=" ">
    <subfield code="2">ddc</subfield>
  </datafield>
  <datafield tag="999" ind1=" " ind2=" ">
    <subfield code="c">25662</subfield>
    <subfield code="d">25634</subfield>
  </datafield>
  <datafield tag="952" ind1=" " ind2=" ">
    <subfield code="0">0</subfield>
    <subfield code="1">0</subfield>
    <subfield code="2">ddc</subfield>
    <subfield code="4">0</subfield>
    <subfield code="7">0</subfield>
    <subfield code="8">Mediterran</subfield>
    <subfield code="a">MAIN</subfield>
    <subfield code="b">MAIN</subfield>
    <subfield code="c">1ST</subfield>
    <subfield code="d">2017-11-26</subfield>
    <subfield code="e">Purchase</subfield>
    <subfield code="g">502.00</subfield>
    <subfield code="h">3683</subfield>
    <subfield code="l">2</subfield>
    <subfield code="m">1</subfield>
    <subfield code="o">320.072 JOH</subfield>
    <subfield code="p">000042556</subfield>
    <subfield code="r">2025-07-15 00:00:00</subfield>
    <subfield code="s">2021-08-11</subfield>
    <subfield code="v">627.50</subfield>
    <subfield code="y">BB</subfield>
  </datafield>
</record>
